| 000 | | | 04152cbm0a2200265#x 450 |
| 001 | | | 15999057-1454-444b-ab19-3fdbec1c699d |
| 005 | | | 20230317153332.0 |
| 100 | ## | $a | 20230301j19410622k###0rusy50 ca |
| 101 | 0# | $a | rus |
| 102 | ## | $a | RU |
| 122 | 0# | $a | d194106220715 |
| 200 | 1# | $a | Директива наркома обороны СССР № 2 военным советам Ленинградского, Прибалтийского особого, Западного особого, Киевского особого и Одесского военных округов об уничтожении противника, нарушившего советскую границу |
| | $j | 22 июня 1941 г. 7 ч 15 мин |
| 251 | ## | $c | Документ |
| 300 | ## | $a | Подлинник. Подписи - автографы С. К. Тимошенко, Г. М. Маленкова, Г. К. Жукова |
| 461 | #0 | $1 | 2001 |
| | $a | Ф. 148а |
| | $1 | 251 |
| | $c | Фонд |
| | $1 | 852 |
| | $j | 148а |
| 462 | #0 | $1 | 2001 |
| | $a | Оп. 3763 |
| | $1 | 251 |
| | $c | Опись |
| | $1 | 852 |
| | $j | 3763 |
| 462 | #0 | $1 | 2001 |
| | $a | Д. 103 |
| | $v | Л. 1-2 |
| | $1 | 251 |
| | $c | Дело |
| | $1 | 852 |
| | $j | 103 |
| 605 | ## | $2 | prlib_sh |
| | $3 | LIBNET\UAF\0000088514 |
| | $a | Вторая мировая война в архивных документах (Комплекс оцифрованных архивных документов, кино- и фотоматериалов) |
| | $l | коллекция |
| 606 | 1# | $2 | nlr_sh |
| | $3 | RU\NLR\AUTH\661398676 |
| | $a | Великая Отечественная война |
| | $z | 1941 - 1945 |
| | $x | Первый период |
| | $j | Документы и материалы |
| 686 | ## | $a | 63.3(2)622,11ю11 |
| | $v | LBC/M |
| | $2 | rubbk |
| 801 | #0 | $a | RU |
| | $b | ПБ им. Б.Н. Ельцина |
| | $c | 20230301 |
| 801 | #1 | $a | RU |
| | $b | ПБ им. Б.Н. Ельцина |
| | $c | 20230301 |
| | $2 | rusmarc |
| 801 | #2 | $a | RU |
| | $b | ПБ им. Б.Н. Ельцина |
| | $c | 20230317 |
| | $2 | rusmarc |
| 850 | ## | $a | Центральный архив Министерства обороны Российской Федерации |
| 852 | ## | $a | ЦА МО РФ |
| | $j | Л. 1-2 |
| 035 | ## | $a | LIBNET\0001312593 |
| 937 | ## | $d | 183879416 |
| | $h | Федеральное архивное агентство |
| 856 | 4# | $u | http://readingroom.main.prlib.ru/item.aspx?id_node=n183879416&mode=full |